000 00879nam a2200217 i 4500
001 48780
003 ES-MaACL
005 20250726075506.0
007 t|
008 931025s1870 fr ||||1| fre d
100 1 _aDiez, Friedrich Christian,
_d1794-1876
_944646
245 1 0 _aAnciens glossaires romans /
_ccorrigés et expliqués par Frédéric Diez ; traduit par Alfred Bauer.
260 _aParis :
_bA. Franck,
_c1870 (
_eNogent-le-Retrou :
_fImpr. de A. Gouverneur)
300 _aXI, 140 p. ;
_c25 cm.
490 1 _aBibliothéque de l'école des hautes études. Sciences philologiques et historiques ;
_vfasc. 5
700 1 _aBauer, Alfred.
_926540
830 0 0 _aBibliothèque de l'École des Hautes Études. Sciences historiques et philologiques
_vfasc. 5
_9229685
852 _aES-MaACL
_jG-15379
852 _aES-MaACL
_jC-7549
999 _c48780
_d48780